|
|
|
|
| LEADER |
00000cam a2200000 i 4500 |
| 001 |
1/3486 |
| 008 |
000521s1998####gr | || |||| ||gre|| |
| 020 |
|
|
|a 960777115X
|
| 035 |
|
|
|l 10060814
|
| 040 |
|
|
|a GR-MyUa
|b gre
|e AACR2
|
| 041 |
1 |
|
|a gre
|k eng
|
| 082 |
7 |
|
|a 759.495
|2 (23)
|
| 110 |
2 |
|
|a Δημοτική Πινακοθήκη Θεσσαλονίκης.
|
| 245 |
1 |
0 |
|a Έλληνες λαϊκοί και νάϊφ ζωγράφοι =
|b Greek folk and naive artists /
|c Δημοτική πινακοθήκη Θεσσαλονίκης.
|
| 246 |
1 |
|
|i Παράλληλος τίτλος:
|a Greek folk and naive artists
|
| 260 |
|
|
|a Θεσσαλονίκη :
|b Ιανός,
|c 1998.
|
| 300 |
|
|
|a 28 σ. :
|b φωτ. εικ. ;
|c 22 εκ.
|
| 650 |
0 |
0 |
|a Painters
|z Greece.
|
| 650 |
0 |
0 |
|a Painting, Greek
|x Exhibitions.
|
| 852 |
|
|
|a INST
|b LESVOS
|e 20000521
|h 759.495 ΔΗΜ
|p 005100024002
|q 005100024002
|t BK
|y 0
|
| 852 |
|
|
|a INST
|b RHODES
|e 20200206
|h 759.495 ΔΗΜ
|p 005400041379
|q 005400041379
|t BK
|y 0
|
| 852 |
|
|
|a INST
|b SAMOS
|e 20010503
|h 759.495 ΔΗΜ
|p 005300018887
|q 005300018887
|t BK
|y 0
|
| 901 |
|
|
|a BIBL3-2001-2
|
| 901 |
|
|
|a BIBL1-2000-2
|
| 920 |
|
|
|a Συνέδριο Ρόδου
|y Λέσβος
|z 1999-10
|
| 970 |
|
|
|z 2000/05/ΜΙΧΑΗΛΙΔΟΥ ΑΝΝΑ
|